Field-effect transistors in integrated circuits / (Record no. 13673)
[ view plain ]
| 000 -LEADER | |
|---|---|
| fixed length control field | 01104cam a2200337 4500 |
| 001 - CONTROL NUMBER | |
| control field | 13673 |
| 003 - CONTROL NUMBER IDENTIFIER | |
| rucl marc code | BD-RjUL |
| 005 - DATE AND TIME OF LATEST TRANSACTION | |
| control field | 20211208235507.0 |
| 008 - FIXED-LENGTH DATA ELEMENTS--GENERAL INFORMATION | |
| fixed length control field | 140201s1974 enka b 001 0 eng d |
| 020 ## - INTERNATIONAL STANDARD BOOK NUMBER | |
| International Standard Book Number | 0333152433 |
| 035 ## - SYSTEM CONTROL NUMBER | |
| System control number | (BD-RjUL)13725 |
| 040 ## - CATALOGING SOURCE | |
| Original cataloging agency | DLC |
| Transcribing agency | DLC |
| Modifying agency | DLC |
| -- | BD-RjUL |
| Language of cataloging | eng |
| 041 1# - LANGUAGE CODE | |
| Language code of text/sound track or separate title | engswe |
| 082 00 - DEWEY DECIMAL CLASSIFICATION NUMBER | |
| Classification number | 621.381528 |
| Author mark and year | WAF 1974 |
| 100 1# - MAIN ENTRY--PERSONAL NAME | |
| Personal name | Wallmark, J. Torkel. |
| 9 (RLIN) | 42797 |
| 245 10 - TITLE STATEMENT | |
| Title | Field-effect transistors in integrated circuits / |
| Statement of responsibility, etc. | by J. T. Wallmark and L. G. Carlstedt. |
| 260 ## - PUBLICATION, DISTRIBUTION, ETC. (IMPRINT) | |
| Place of publication, distribution, etc. | :London |
| Name of publisher, distributor, etc. | Macmillan, |
| Date of publication, distribution, etc. | c1974 |
| 300 ## - PHYSICAL DESCRIPTION | |
| Pagination | 153 p. : |
| Illustrations | illus. ; |
| Size | 24 cm. |
| 350 ## - PRICE (NR) (BK AM CF MU VM SE) [OBSOLETE] | |
| Price | £4.50 |
| 500 ## - GENERAL NOTE | |
| General note | Distributed in the U.S. by Halsted Press, New York. |
| General note | Translation of Fälteffekttransistorn. |
| 504 ## - BIBLIOGRAPHY, ETC. NOTE | |
| Bibliography, etc | Includes bibliographies and Index |
| 650 #0 - SUBJECT ADDED ENTRY--TOPICAL TERM | |
| Topical term or geographic name as entry element | Field-effect transistors. |
| 9 (RLIN) | 28551 |
| Topical term or geographic name as entry element | Transistor circuits. |
| 9 (RLIN) | 39274 |
| Topical term or geographic name as entry element | Integrated circuits. |
| 9 (RLIN) | 42798 |
| 700 1# - ADDED ENTRY--PERSONAL NAME | |
| Personal name | Carlstedt, Gunnar, |
| Dates associated with a name | 1946- |
| Relator term | joint author. |
| 942 ## - ADDED ENTRY ELEMENTS (KOHA) | |
| Source of classification or shelving scheme | Dewey Decimal Classification |
| Koha item type | Books |
| Lost status | Source of classification or shelving scheme | Damaged status | Not for loan | Collection code | Permanent Location | Current Location | Shelving location | Date acquired | Source of acquisition | Cost, normal purchase price | Total Checkouts | Full call number | Date last seen | Copy number | Koha item type |
|---|---|---|---|---|---|---|---|---|---|---|---|---|---|---|---|
| Dewey Decimal Classification | Not For Loan | Non-fiction | Central Library, University of Rajshahi | Central Library, University of Rajshahi | Reading Room | 30/10/1978 | Heffers. | 4.50 | 621.381528 WAF 1974 | 01/02/2014 | C-1 | Books | |||
| Dewey Decimal Classification | Non-fiction | Central Library, University of Rajshahi | Central Library, University of Rajshahi | 08/12/2021 | Hefffer and sons | 4.50 | 621.381528 WAF 1974 | 30/05/2017 | C-2 | Books | |||||
| Dewey Decimal Classification | Non-fiction | Central Library, University of Rajshahi | Central Library, University of Rajshahi | 29/02/1980 | Heffer | 4.50 | 621.381528 WAF 1974 | 30/05/2017 | C-3 | Books | |||||
| Dewey Decimal Classification | Non-fiction | Central Library, University of Rajshahi | Central Library, University of Rajshahi | 30/10/1978 | Hefffer and sons | 4.50 | 621.381528 WAF 1974 | 30/05/2017 | C-4 | Books | |||||
| Dewey Decimal Classification | Non-fiction | Central Library, University of Rajshahi | Central Library, University of Rajshahi | 29/02/1980 | Heffer | 4.50 | 621.381528 WAF 1974 | 30/05/2017 | C-5 | Books |